Loading...
Arts - Music | 4 | 25.00 | 100% | 100% | 50% |
Arts - Other Arts | 1 | 0.00 | 0% | 0% | 0% |
Arts - Painting | 2 | 10.00 | 100% | 0% | 0% |
History - Other History | 5 | 16.00 | 80% | 60% | 20% |
History - World History | 3 | 20.00 | 100% | 67% | 33% |
Literature - American Lit | 5 | 14.00 | 80% | 60% | 0% |
Literature - British Lit | 2 | 5.00 | 50% | 0% | 0% |
Literature - European Lit | 3 | 10.00 | 100% | 0% | 0% |
Literature - World | 1 | 20.00 | 100% | 100% | 0% |
Literature - World Lit | 1 | 10.00 | 100% | 0% | 0% |
Mythology | 3 | 10.00 | 67% | 33% | 0% |
Other - Geo/CE | 2 | 25.00 | 100% | 100% | 50% |
Other Academic | 3 | 10.00 | 100% | 0% | 0% |
Pop Culture | 1 | 20.00 | 100% | 100% | 0% |
Religion | 4 | 10.00 | 75% | 25% | 0% |
Science - Biology | 1 | 10.00 | 100% | 0% | 0% |
Science - Chemistry | 1 | 20.00 | 100% | 100% | 0% |
Science - Other Science | 4 | 12.50 | 100% | 25% | 0% |
Science - Physics | 4 | 12.50 | 100% | 25% | 0% |
Thought - Philosophy | 4 | 12.50 | 75% | 50% | 0% |
Thought - Social Science | 4 | 10.00 | 75% | 25% | 0% |